Αλεξάνδρεια

Η Έλενα και η Νίνα, μητέρα και κόρη, καταφθάνουν στην Αλεξάνδρεια, στην πόλη όπου μεγάλωσε, αλλά αναγκάστηκε να εγκαταλείψει η Έλενα. Ενώ η Νίνα ανακαλύπτει την πόλη της μητέρας της, συναντά τον μυστηριώδη Γιούσρι που τη γοητεύει. Παράλληλα ανακαλύπτει πως η Έλενα είχε ζήσει έναν μεγάλο έρωτα στην...

Πλήρης περιγραφή

Αποθηκεύτηκε σε:
Λεπτομέρειες βιβλιογραφικής εγγραφής
Άλλοι συγγραφείς: Ηλιού, Μαρία (drtf), Lorit, Jean-Pierre (Ηθοποιός), Panonacle, Camille (Ηθοποιός), Valley, Michele (Ηθοποιός)
Μορφή: Διαφάνειες
Γλώσσα:French
Greek
Δημοσίευση: Αθήνα : Audio Visual Enterprises, c2007.
Θέματα:
Ετικέτες: Προσθήκη ετικέτας
Δεν υπάρχουν, Καταχωρήστε ετικέτα πρώτοι!

MARC

LEADER 00000cgm a2200000 i 4500
001 1/94571
008 080925s2007 gr ||| | || ||fre
035 |l 10100456 
040 |a GR-MyUa  |b gre  |e AACR2 
041 0 |a fre  |j gre 
082 7 |a 791.437   |2 (22) 
245 0 0 |a Αλεξάνδρεια   |h [μαγνητοσκόπηση] /   |c σκηνοθεσία: Μαρία Ηλιού. 
260 |a Αθήνα :   |b Audio Visual Enterprises,   |c c2007. 
300 |a 1 βιντεοδίσκος (112 λεπτ.) :   |b ομίλ., έγχρ. ;   |c 4 3/4 ίν. 
500 |a Κυκλοφόρησε πρώτη φορά ως κινηματογραφική ταινία το 2001. 
508 |a Μουσική, Ludovico Einaudi ; φωτογραφία, Γιάννης Δρακουλαράκος ; ήχος, Frederic Ullman, Κώστας Βαρυμποπιώτης, Κώστας Φυλακτίδης ; κοστούμια, Μιράντα Θεοδωρίδου, Αγνή Ντούτση ; σκηνικά, Δημήτρης Ζιάκας, Αγνή Ντούτση ; μοντάζ, Γιώργος Τριανταφύλλου ; συνεργάτης μοντέρ, Kenan Akkawi ; οπτικά Εφφέ, Harold Herbert ; διεύθυνση παραγωγής, Νίκος Νικολέττος ; παραγωγή, Μαρία Ηλιού, Sylvain Bursztejn, Sandro Parenzo ; σενάριο, Μαρία Ηλιού, Stephen Cleary. 
511 0 |a Ζαν-Πιέρ Λόριτ, Καμίλ Πανονάκλ, Μισέλ Βάλεϊ, Άγγελος Αντωνόπουλος, Ειρήνη Ιγγλέση, Σίλβια ντε Σάντις, Σαλβατόρε Λάτζαρο, Κατερίνα Χέλμη, Διώνη Κουρτάκη, Ναταλία Καποδίστρια, Χάρης Μαυρούδης. 
520 8 |a Η Έλενα και η Νίνα, μητέρα και κόρη, καταφθάνουν στην Αλεξάνδρεια, στην πόλη όπου μεγάλωσε, αλλά αναγκάστηκε να εγκαταλείψει η Έλενα. Ενώ η Νίνα ανακαλύπτει την πόλη της μητέρας της, συναντά τον μυστηριώδη Γιούσρι που τη γοητεύει. Παράλληλα ανακαλύπτει πως η Έλενα είχε ζήσει έναν μεγάλο έρωτα στην κοσμοπολίτικη Αλεξάνδρεια του 1950. Μητέρα και κόρη πλησιάζουν η μία την άλλη για πρώτη φορά, αλλά σύντομα η Νίνα θα ανακαλύψει ότι η μητέρα της δεν της διηγήθηκε όλη την αλήθεια. 
546 |a Στα γαλλικά με υπότιτλους στα ελληνικά. 
586 8 |a Platinum award-1ο βραβείο μυθοπλασίας (κατηγορία: "Romance"), 35ο Κινηματογραφικό Φεστιβάλ Huston 
586 8 |a Βραβείο κοινού, 25ο Διεθνές Φεστιβάλ Sao Paulo 
586 8 |a Τρίτο βραβείο καλύτερης ταινίας, 29ο Διεθνές Φεστιβάλ Wuerzburg 
586 8 |a Α' βραβείο γυναικείου ρόλου (Καμίλ Πανονάκλ), 3ο Διεθνές Φεστιβάλ Κινηματογράφου Las Palmas 
650 0 |a Mothers and daughters  |v Drama. 
655 7 |a Feature films  |2 lcgft 
700 1 |a Ηλιού, Μαρία,  |e drtf 
700 1 |a Lorit, Jean-Pierre,  |e act 
700 1 |a Panonacle, Camille,  |e act 
700 1 |a Valley, Michele,  |e act 
852 |a INST  |b SYROS  |c AV  |e 20080925  |h 791.437 ΗΛΙ  |p 005500009088  |q 005500009088  |t DVD  |y 23 
901 |a BIBL5-2008-1 
922 |a 5ΕΛΗ  |b 200709  |c ΒΙΒΛΙΟΘΗΚΗ ΣΥΡΟΥ  |d ANACO 
970 |a ΚΑΓΙΑΒΑ  |b ΕΙΡΗΝΗ  |z 2008/09/25